Linguagem e comunicação no jardim-de-infância (Registo nº 1151)
[ vista simples ]
| 000 -Etiqueta do registo | |
|---|---|
| Cabeçalho | 01082nam a2200325 i 4500 |
| 005 - Identificador da versão | |
| Campo de controlo | 20240813121827.0 |
| 010 ## - Número internacional normalizado dos livros (ISBN) | |
| Número (ISBN) | 9789727422883 |
| 021 ## - Número do Depósito Legal | |
| Código do país | PT |
| Número | 274703/08 |
| 100 ## - Dados gerais de processamento | |
| Dados gerais de processamento | 20080506d2008 m a0pory5003 ba |
| 102 ## - Pais de publicação ou produção | |
| País de publicação | Portugal |
| 101 0# - Língua de publicação | |
| Língua do texto, banda sonora, etc. | Português |
| 106 ## - Campo de dados codificados: material textual | |
| Dados codificados do material textual | r |
| 105 ## - Campo de dados codificados: livros | |
| Dados codificados dos livros | a j 000yy |
| 215 ## - Descrição física | |
| Indicação específica da natureza do documento e extensão da espécie | 79 p. |
| Outras indicações físicas | il. |
| Dimensões | 27 cm |
| 200 1# - Titulo e menção de responsabilidade | |
| Título próprio | Linguagem e comunicação no jardim-de-infância |
| Informação de outro título | textos de apoio para educadores de infância |
| Primeira menção de responsabilidade | Inês Sim-Sim, Ana Cristina Silva, Clarisse Nunes |
| 210 ## - Publicação, Distribuição, etc. | |
| Lugar da edição, distribuição, etc. | Lisboa |
| Nome do editor, distribuidor, etc. | Direcção-Geral de Inovação e de Desenvolvimento Curricular |
| Data da publicação, distribuição, etc. | 2008 |
| 320 ## - Nota relativa a bibliografia e índices internos | |
| Texto da nota | Bibliografia, p. 73 |
| 675 ## - Classificação Decimal Universal (CDU) | |
| Notação | 811.134.3'34(076) |
| Edição | BN |
| Língua da edição | por |
| Notação | 159.946(076) |
| Edição | BN |
| Língua da edição | por |
| Notação | 371.13(076) |
| Edição | BN |
| Língua da edição | por |
| Notação | 377(469) |
| Edição | BN |
| Língua da edição | por |
| 701 #1 - Nome de autor-pessoa física (co-responsabilidade principal) | |
| Palavra de ordem | Silva |
| Outra parte do nome não tomada para palavra de ordem | Ana Cristina Conceição da |
| Datas | 1964- |
| Código de função | Autor / Co-autor |
| Palavra de ordem | Nunes |
| Outra parte do nome não tomada para palavra de ordem | Clarisse |
| Datas | 1963- |
| Código de função | Autor / Co-autor |
| 700 #1 - Nome de autor-pessoa física (responsabilidade principal) | |
| Número de registo de entrada de autoridade | 0001584 |
| Palavra de ordem | Sim-Sim |
| Outra parte do nome não tomada para palavra de ordem | Inês |
| Datas | 1946- |
| 900 ## - | |
| -- | BIBNAC |
| -- | 20100305 |
| 942 ## - Elementos de entrada adicionados (Koha) | |
| Tipo de item no Koha | Livro |
| Situação do levantamento | Origin of item (home branch) (coded) | Biblioteca de empréstimo | Código de barras | Cota | Circulation type (not for loan) | Tipo de documento | Nota do exemplar | Damaged status |
|---|---|---|---|---|---|---|---|---|
| Biblioteca Escolar Eng. Nuno Mergulhão | Biblioteca Escolar Eng. Nuno Mergulhão | BENM2097 | 37 EDU | Livro | Sem mensagem |
